|
|
|
|
| LEADER |
00000nam0a2200000 4500 |
| 001 |
248504 |
| 005 |
20231101232408.0 |
| 035 |
|
|
|a (RuTPU)RU\TPU\book\270310
|
| 090 |
|
|
|a 248504
|
| 100 |
|
|
|a 20140123d1974 km y0rusy50 ca
|
| 101 |
0 |
|
|a rus
|
| 102 |
|
|
|a BY
|
| 105 |
|
|
|a y g 000zy
|
| 200 |
1 |
|
|a Справочник по общей и неорганической химии
|f А. Л. Кузьменко
|g под ред. Г. И. Новикова
|
| 210 |
|
|
|a Минск
|c Вышэйшая школа
|d 1974
|
| 215 |
|
|
|a 144 с.
|
| 606 |
1 |
|
|a Химия общая
|2 stltpush
|3 (RuTPU)RU\TPU\subj\67862
|9 83510
|
| 606 |
1 |
|
|a Неорганическая химия
|2 stltpush
|3 (RuTPU)RU\TPU\subj\67586
|9 83311
|
| 610 |
1 |
|
|a химические реакции
|
| 610 |
1 |
|
|a термохимия
|
| 610 |
1 |
|
|a химическое равновесие
|
| 610 |
1 |
|
|a растворы
|
| 610 |
1 |
|
|a электролиты
|
| 610 |
1 |
|
|a электрохимия
|
| 610 |
1 |
|
|a химическая кинетика
|
| 610 |
1 |
|
|a справочники
|
| 675 |
|
|
|a 54(035)
|v 3
|
| 675 |
|
|
|a 546(035)
|v 3
|
| 700 |
|
1 |
|a Кузьменко
|b А. Л.
|g Анна Леонидовна
|
| 702 |
|
1 |
|a Новиков
|b Г. И.
|4 340
|
| 801 |
|
1 |
|a RU
|b 63413507
|c 20140123
|
| 801 |
|
2 |
|a RU
|b 63413507
|c 20140129
|g RCR
|
| 942 |
|
|
|c BK
|